| 000 | 00999nam a2200229Ia 4500 | ||
|---|---|---|---|
| 999 |
_c38469 _d38469 |
||
| 001 | 4481 | ||
| 003 | GE_BSU | ||
| 005 | 20190520152203.0 | ||
| 008 | 181216s1991||||ge |||||||||||||| ||geo|| | ||
| 040 | _cGE_BSU | ||
| 041 | _ageo | ||
| 080 | _a531+539.1(076) ჯ–20 | ||
| 100 |
_aჯანელიძე, ო.მ. _91401 |
||
| 245 |
_aლაბორატორიული პრაქტიკუმი ფიზიკაში.მექანიკა, მოლეკულური ფიზიკა / _cო.მ. ჯანელიძე ; ი.მ.ჟორდანია ; მ.ვ . ჩხარტიშვილი . |
||
| 264 |
_aბათუმი, _c1991. |
||
| 300 |
_a122 გვ .: _c20 სმ. |
||
| 653 | _aლაბორატორიული პრაქტიკუმი ფიზიკაში | ||
| 653 | _aფიზიკა | ||
| 700 |
_aჟორდანია,ი.მ _91402 |
||
| 700 |
_aჩხარტიშვილი,მ.ვ _91403 |
||
| 942 |
_cBK _2udc |
||